|
|
|
|
| LEADER |
01343nam a2200301 a 4500 |
| 001 |
3999647 |
| 008 |
090827s1996 dcua b 000 0 eng d |
| 010 |
|
|
|a 96038680
|
| 020 |
|
|
|a 0821338048
|
| 040 |
|
|
|a DLC
|c DLC
|d DLC
|
| 082 |
0 |
0 |
|a 362.1/0958
|2 20
|
| 100 |
1 |
|
|a Klugman, Jeni,
|d 1964-
|
| 245 |
1 |
2 |
|a A survey of health reform in Central Asia /
|c Jeni Klugman, George Schieber, with the assistance of Timothy Heleniak and Vivian Hon.
|
| 260 |
|
|
|a Washington, D.C. :
|b World Bank,
|c c1996.
|
| 300 |
|
|
|a vii, 58 p. :
|b ill. ;
|c 28 cm.
|
| 490 |
1 |
|
|a World Bank technical paper,
|x 0253-7494 ;
|v no. 344.
|a Social challenges of transition series
|
| 504 |
|
|
|a Includes bibliographical references (p. 38-42).
|
| 541 |
1 |
|
|e 00007155
|
| 650 |
|
0 |
|a Medical policy
|z Asia, Central.
|
| 650 |
|
0 |
|a Medical care
|z Asia, Central.
|
| 650 |
|
0 |
|a Health care reform
|z Asia, Central.
|
| 700 |
1 |
|
|a Schieber, George.
|
| 700 |
1 |
|
|a Heleniak, Timothy E.
|
| 830 |
|
0 |
|a World Bank technical paper ;
|v no. 344.
|
| 830 |
|
0 |
|a World Bank technical paper.
|p Social challenges of transition series.
|
| 852 |
4 |
|
|a Ayesha Abed Library
|j General Shelf.
|
| 999 |
|
|
|c 3795
|d 3795
|
| 952 |
|
|
|0 0
|1 0
|2 ddc
|4 0
|6 362_109580000000000_KLU_1996
|7 0
|9 3447
|a BRACUL
|b BRACUL
|c GEN
|d 2009-09-05
|g 0.00
|l 0
|o 362.10958 KLU
|p 3010007155
|r 2009-09-05
|t 1
|w 2009-09-05
|y BK
|x No price found in the accession register.
|